| 000 | 00825nam a22002057a 4500 | ||
|---|---|---|---|
| 003 | JO-AjAnu | ||
| 005 | 20240326093355.0 | ||
| 008 | 240325b jo ||||| |||| 00| 0 ara d | ||
| 040 |
_aJO-AjAnu _cJO-AjAnu |
||
| 041 | 0 | _aara | |
| 100 | 1 |
_aالعقبي، عابد احمد _eمؤلف _965144 |
|
| 245 | 1 | 0 |
_aالسلامة المرورية بين النظرية والتطبيق / _cتأليف عابد احمد العقبي، ابراهيم محمد عاصي |
| 250 |
_aالطبعة الاولى _bالاصدار الاول |
||
| 260 |
_aعمان : _bالمؤلفان ، _c2006 |
||
| 300 | _a317 صفحة | ||
| 500 | _aيحتوي على مراجع | ||
| 650 | 4 | 0 |
_aالسلامة المرورية - حوادث السير _965147 |
| 700 | 1 |
_aالعاصي، ابراهيم _eمؤلف مشارك _965148 |
|
| 942 |
_2lcc _cBK _n0 |
||
| 999 |
_c33356 _d33356 |
||